000 00720cam a2200217 a 4500
001 000010068
005 20200929161828.0
008 730907s1968 sp 001 0 spa
040 _aDO-SdBNP
_bspa
_cDLC
_dBNPHU
082 _a861.64
_bD946d
100 1 _aDuque, Aquilino,
_d1931-
_925047
245 1 0 _aDe palabra en palabra /
_cAquilino Duque.
260 _aMadrid, (España) :
_bEdiciones Cultura Hispánica,
_c1968.
300 _a78 p. ;
_c21 cm.
490 1 _aPoética Leopoldo Panero
_v9
586 _aPremio de Poesía "Leopoldo Panero" 1967.
650 4 _aPoesía española
_9631
650 4 _aLiteratura española
_9632
830 0 _aPoética Leopoldo Panero ;
_v9
_914647
910 _aCatalogación por copia / LC
999 _c9827
_d9827